00755nam a22001577a 4500003000900000005001700009008004100026040001300067100005000080245007100130250000600201260002100207300001700228490007000245520028200315IT-RoPau20220918175936.0121203b xxu||||| |||| 00| 0 eng d cIT-RoPau aAlberione GiacomoqFondatore Famiglia Paolina aSegreto di riuscita.bComposto commentato da Don Giacomo Alberione aI aRomabPSSPc1979 a25 p.c18 cm aEdizioni dell'archivio storico generale della Famiglia PaolinavI aIndice Autografo del " Segreto di riuscita" di Don G. Alberione Trascrizione del manoscritto Presentazione Prima Edizione del "Segreto di riuscita" ( 1922) "Segreto di riuscita" ( attuale) "Segreto di riuscita" (SGBP) Commento al " Segreto di riuscita" di Don G. Alberione